| 000 | 01005cam a2200325 a 4500 | ||
|---|---|---|---|
| 999 |
_c2643 _d2643 |
||
| 001 | 215791 | ||
| 003 | GBCCL | ||
| 005 | 20241126110434.0 | ||
| 008 | 960912s1996 cau b 001 0 eng | ||
| 010 | _a 96036578 | ||
| 020 | _a0830718885 (hardcover) | ||
| 020 | _a9780830718887 (hardcover) | ||
| 020 | _a0830719008 (trade paper) | ||
| 020 | _a9780830719006 (trade paper) | ||
| 035 | _a(OCoLC)ocm35586700 | ||
| 035 | _a(OCoLC)35586700 | ||
| 040 |
_aDLC _cDLC _dBAKER _dBTCTA _dYDXCP _dLBB |
||
| 049 |
_aLBBK _aLBBA |
||
| 050 | 0 | 0 |
_aBV210.2 _b.S5125 1996 |
| 082 | 0 | 0 |
_a248.32 _220 _bSHE |
| 090 |
_aBV210.2 _b.S5125 1996 |
||
| 100 | 1 |
_aSheets, Dutch. _95579 |
|
| 245 | 1 | 0 |
_aIntercessory prayer / _cDutch Sheets. |
| 260 |
_aVentura, Calif., U.S.A. : _bRegal, _cc1996. |
||
| 300 |
_a275 p. ; _c22 cm. |
||
| 504 | _aIncludes bibliographical references (p. [263]-264) and indexes. | ||
| 520 | _aChristian Library of Lancaster Collection. | ||
| 650 | 0 |
_aIntercessory prayer. _93840 |
|
| 942 |
_2ddc _cBK |
||